Digital logic and computer design / (Record no. 13999)
[ view plain ]
| 000 -LEADER | |
|---|---|
| fixed length control field | 00888pam a2200289 i 4500 |
| 001 - CONTROL NUMBER | |
| control field | 13999 |
| 003 - CONTROL NUMBER IDENTIFIER | |
| rucl marc code | BD-RjUL |
| 005 - DATE AND TIME OF LATEST TRANSACTION | |
| control field | 20211208235543.0 |
| 008 - FIXED-LENGTH DATA ELEMENTS--GENERAL INFORMATION | |
| fixed length control field | 140203r20001979ii a b 001 0 eng |
| 020 ## - INTERNATIONAL STANDARD BOOK NUMBER | |
| International Standard Book Number | 8120304179 |
| 035 ## - SYSTEM CONTROL NUMBER | |
| System control number | (BD-RjUL)14051 |
| 040 ## - CATALOGING SOURCE | |
| Original cataloging agency | DLC |
| Transcribing agency | DLC |
| Modifying agency | BD-RjUL |
| Language of cataloging | eng |
| 041 ## - LANGUAGE CODE | |
| Language code of text/sound track or separate title | eng |
| 082 00 - DEWEY DECIMAL CLASSIFICATION NUMBER | |
| Classification number | 621.38153 |
| Author mark and year | MAD 2000 |
| 100 1# - MAIN ENTRY--PERSONAL NAME | |
| Personal name | Mano, M. Morris, |
| Dates associated with a name | 1927- |
| 9 (RLIN) | 18925 |
| 245 10 - TITLE STATEMENT | |
| Title | Digital logic and computer design / |
| Statement of responsibility, etc. | M. Morris Mano. |
| 260 ## - PUBLICATION, DISTRIBUTION, ETC. (IMPRINT) | |
| Place of publication, distribution, etc. | New Delhi : |
| Name of publisher, distributor, etc. | Prentice-Hall, |
| Date of publication, distribution, etc. | c1979 [Printing 2000]. |
| 300 ## - PHYSICAL DESCRIPTION | |
| Pagination | xii, 612 p. : |
| Illustrations | ill. ; |
| Size | 25 cm. |
| 504 ## - BIBLIOGRAPHY, ETC. NOTE | |
| Bibliography, etc | Includes bibliographical references and index. |
| 650 #0 - SUBJECT ADDED ENTRY--TOPICAL TERM | |
| Topical term or geographic name as entry element | Electronic digital computers. |
| 9 (RLIN) | 43762 |
| Topical term or geographic name as entry element | Logic circuits. |
| 9 (RLIN) | 41751 |
| Topical term or geographic name as entry element | Digital integrated circuits. |
| 9 (RLIN) | 43763 |
| Topical term or geographic name as entry element | Logic design. |
| 9 (RLIN) | 20243 |
| 942 ## - ADDED ENTRY ELEMENTS (KOHA) | |
| Source of classification or shelving scheme | Dewey Decimal Classification |
| Koha item type | Books |
| Lost status | Source of classification or shelving scheme | Damaged status | Not for loan | Collection code | Permanent Location | Current Location | Shelving location | Date acquired | Source of acquisition | Cost, normal purchase price | Total Checkouts | Full call number | Date last seen | Date checked out | Copy number | Koha item type |
|---|---|---|---|---|---|---|---|---|---|---|---|---|---|---|---|---|
| Dewey Decimal Classification | Non-fiction | Central Library, University of Rajshahi | Central Library, University of Rajshahi | 10/08/2000 | Dhaka, Ankur Prakashani | 155.00 | 5 | 621.38153 MAD 2000 | 21/03/2023 | 14/03/2023 | C-3 | Books | ||||
| Dewey Decimal Classification | Non-fiction | Central Library, University of Rajshahi | Central Library, University of Rajshahi | 04/06/1988 | Dhaka : Masik Brothers | 54.20 | 4 | 621.38153 MAD 2000 | 08/06/2023 | 25/05/2023 | C-2 | Books |